| 000 | 00969nam a2200265 a 4500 | ||
|---|---|---|---|
| 001 | 39924 | ||
| 003 | BD-RjUL | ||
| 005 | 20211209053108.0 | ||
| 008 | 160419s1975 bg ||||| |||| 00| 0 ben d | ||
| 020 | _c: Tk. 12.00 | ||
| 035 | _a(BD-RjUL) 40038 | ||
| 040 |
_aBD-RjUL _bben _cBD-RjUL |
||
| 041 | _aben | ||
| 041 | _aeng | ||
| 082 |
_223 _a370.0904 _bHUS 1975 |
||
| 100 |
_aহাটকিনস, রবার্ট এম. _9122978 |
||
| 245 | 1 | 0 |
_aশিক্ষা ও সমাজ / _cরবার্ট এম. হাটকিনস ; রাহাত খান, অনুবাদক |
| 260 |
_aঢাকা : _bবাংলা একাডেমী, _c১৯৭৫ |
||
| 300 |
_a[ছয়], ১৬৮ পৃ. ; _c২২ সেমি. |
||
| 500 | _aটীকা সংযুক্ত | ||
| 650 |
_aশিক্ষা _9122973 |
||
| 650 |
_aEducation _9122974 |
||
| 700 |
_aখান, রাহাত, অনুবাদক _9122979 |
||
| 942 |
_2ddc _cBK |
||
| 999 |
_c39924 _d39924 |
||